Southville International School and Colleges
Your cart is empty.
  • Cart
  • Lists
    Public lists list_1 View all
    Your lists Log in to create your own lists
  • Log in to your account
  • Your cookies
  • Search history
Southville International School and Colleges
  • Advanced search
  • Recent comments
  • Most popular
  • Libraries

Log in to your account

Log in with GOOGLE


If you do not have an external account, but do have a local account, you can still log in:

  1. Home
  2. MARC view: New Zealand on a budget /
Normal view MARC view ISBD view

New Zealand on a budget / (Record no. 9795)

[ view plain ]
MARC details
000 -LEADER
fixed length control field 00795cam a2200289 i 4500
001 - CONTROL NUMBER
control field 4647508
003 - CONTROL NUMBER IDENTIFIER
control field OSt
005 - DATE AND TIME OF LATEST TRANSACTION
control field 20140310182137.0
008 - FIXED-LENGTH DATA ELEMENTS--GENERAL INFORMATION
fixed length control field 791119s1979 waua 000 0 eng
010 ## - LIBRARY OF CONGRESS CONTROL NUMBER
LC control number 79089442
020 ## - INTERNATIONAL STANDARD BOOK NUMBER
International Standard Book Number 0934494002
040 ## - CATALOGING SOURCE
Original cataloging agency DLC
Transcribing agency DLC
Modifying agency DLC
043 ## - GEOGRAPHIC AREA CODE
Geographic area code u-nz---
050 00 - LIBRARY OF CONGRESS CALL NUMBER
Classification number DU 405
Item number .L56 1979
082 00 - DEWEY DECIMAL CLASSIFICATION NUMBER
Classification number HS 993
Item number L63 1979
100 1# - MAIN ENTRY--PERSONAL NAME
Personal name Linse, Linda.
9 (RLIN) 15090
245 10 - TITLE STATEMENT
Title New Zealand on a budget /
Statement of responsibility, etc Linda Linse and Gary Cheledinas.
260 ## - PUBLICATION, DISTRIBUTION, ETC. (IMPRINT)
Place of publication, distribution, etc Yakima, Wash. :
Name of publisher, distributor, etc Odyssey,
Date of publication, distribution, etc c1979.
300 ## - PHYSICAL DESCRIPTION
Extent 139 p. :
Other physical details ill. ;
Dimensions 20 cm.
521 ## - TARGET AUDIENCE NOTE
Target audience note
526 ## - STUDY PROGRAM INFORMATION NOTE
Reading level
651 #0 - SUBJECT ADDED ENTRY--GEOGRAPHIC NAME
Geographic name New Zealand
General subdivision Guidebooks.
9 (RLIN) 15091
700 1# - ADDED ENTRY--PERSONAL NAME
Personal name Cheledinas, Gary,
Relator term joint author.
9 (RLIN) 15092
906 ## - LOCAL DATA ELEMENT F, LDF (RLIN)
a 7
b cbc
c orignew
d 2
e opcn
f 19
g y-gencatlg
942 ## - ADDED ENTRY ELEMENTS (KOHA)
Source of classification or shelving scheme Library of Congress Classification
Koha item type
Holdings
Withdrawn status Lost status Source of classification or shelving scheme Damaged status Home library Current library Shelving location Date acquired Total Checkouts Full call number Barcode Date last seen Copy number Price effective from Koha item type
    Library of Congress Classification   Luxembourg Library Luxembourg Library   08/29/2013   DU 405 .L56 1979 9879 08/29/2013 1 08/29/2013 Books

New Zealand on a budget /

APA

Linse L., Cheledinas G., . (1979). New Zealand on a budget. Yakima, Wash: Odyssey.

Chicago

Linse Linda, Cheledinas Gary, . 1979. New Zealand on a budget. Yakima, Wash: Odyssey.

Harvard

Linse L., Cheledinas G., . (1979). New Zealand on a budget. Yakima, Wash: Odyssey.

MLA

Linse Linda, Cheledinas Gary, . New Zealand on a budget. Yakima, Wash: Odyssey. 1979.

  • Place hold
  • Print
  • Cite
  • Add to your cart (remove)
  • Save record
    BIBTEX Dublin Core MARCXML MARC (non-Unicode/MARC-8) MARC (Unicode/UTF-8) MARC (Unicode/UTF-8, Standard) MODS (XML) RIS
  • More searches
    Search for this title in:
    Other Libraries (WorldCat) Other Databases (Google Scholar) Online Stores (Bookfinder.com) Open Library (openlibrary.org)

Exporting to Dublin Core...

SOUTHVILLE LIBRARY

Southville International School and Colleges Library

1281 Tropical Ave. Cor. Luxembourg St., BF Homes International, Las Pinas City

Tel. No. 8256374 / 252358 Loc. 117/146

Powered by Koha